The Flags of the Capitals #3 - Statistics

General Stats
  • This quiz has been taken 28 times
  • The average score is 11 of 16
Answer Stats
Picture Answer % Correct
Kuala Lumpur
95%
Singapore
95%
Cape Town
89%
Baghdad
79%
Dhaka
79%
Hanoi
74%
Helsinki
74%
Islamabad
74%
Bucharest
68%
Vienna
63%
Copenhagen
58%
Prague
58%
Bogotá
53%
Cairo
53%
Pretoria
42%
Santiago de Chile
32%
No matching quizzes found
Score Distribution
Percent of People with Each Score
Percentile by Number Answered
Your Score History
You have not taken this quiz